Wszystkie transfery w historii Piłki Nożnej powyżej 45 mln € - Statystyki

Ogólne statystyki
  • Ten quiz został rozwiązany 143 razy
  • Średni wynik to 65 z 107
Statystyki odpowiedzi
# Sezon Narodowość Pozycja Klub Pozyskujący Kwota Transferu Zawodnik % Poprawnych
1 17/18 Brazylia Skrzydłowy PSG 222 mln Neymar
100%
2 18/19 Francja Napastnik PSG 180 mln Mbappe
98%
3 17/18 Francja Skrzydłowy Barcelona 140 mln Dembele
89%
5 19/20 Portugalia Napastnik Atletico Madryt 127 mln Felix
84%
9 19/20 Belgia Skrzydłowy Real Madryt 115 mln Hazard
83%
8 18/19 Portugalia Skrzydłowy/Napastnik Juventus 117 mln Ronaldo
83%
12 13/14 Walia Skrzydłowy Real Madryt 101 mln Bale
82%
4 17/18 Brazylia Ofensywny Pomocnik Barcelona 135 mln Coutinho
82%
10 21/22 Belgia Napastnik Chelsea 113 mln Lukaku
81%
13 09/10 Portugalia Skrzydłowy/Napastnik Real Madryt 94 mln Ronaldo
81%
7 21/22 Anglia Skrzydłowy Manchester City 117 mln Grealish
80%
17 19/20 Holandia Pomocnik Barcelona 86 mln De Jong
79%
20 17/18 Belgia Napastnik Manchester United 84 mln Lukaku
79%
15 13/14 Brazylia Skrzydłowy Barcelona 88 mln Neymar
79%
11 16/17 Francja Pomocnik Manchester United 105 mln Pogba
79%
22 14/15 Urugwaj Napastnik Barcelona 81 mln Suarez
79%
6 19/20 Francja Napastnik Barcelona 120 mln Griezmann
78%
21 17/18 Holandia Obrońca Liverpool 84 mln Van Dijk
78%
14 16/17 Argentyna Napastnik Juventus 90 mln Higuain
77%
16 19/20 Anglia Obrońca Manchester United 87 mln Maguire
75%
23 21/22 Serbia Napastnik Juventus 81 mln Vlahovic
75%
18 19/20 Holandia Obrońca Juventus 85 mln De Ligt
73%
31 15/16 Belgia Ofensywny Pomocnik Manchester City 76 mln De Bruyne
71%
42 21/22 Maroko Boczny Obrońca/Skrzydłowy PSG 66 mln Hakimi
71%
25 20/21 Niemcy Ofensywny Pomocnik Chelsea 80 mln Havertz
71%
36 19/20 Belgia Napastnik Inter Mediolan 74 mln Lukaku
71%
38 09/10 Szwecja Napastnik Barcelona 69 mln Ibrahimovic
70%
40 18/19 Algieria Skrzydłowy Manchester City 67 mln Mahrez
70%
46 13/14 Urugwaj Napastnik PSG 64 mln Cavani
69%
19 21/22 Anglia Skrzydłowy Manchester United 85 mln Sancho
69%
34 14/15 Kolumbia Ofensywny Pomocnik Real Madryt 75 mln Rodriguez
68%
29 01/02 Francja Ofensywny Pomocnik Real Madryt 77 mln Zidane
68%
39 20/21 Portugalia Obrońca Manchester City 68 mln Dias
67%
35 14/15 Argentyna Skrzydłowy Manchester United 75 mln Di Maria
67%
32 22/23 Urugwaj Napastnik Liverpool 75 mln Nunez
67%
47 18/19 Stany Zjednoczone Skrzydłowy Chelsea 64 mln Pulisic
67%
54 18/19 Brazylia Bramkarz Liverpool 62 mln Alisson
66%
48 17/18 Gabon Napastnik Arsenal 63 mln Aubameyang
65%
43 17/18 Hiszpania Napastnik Chelsea 66 mln Morata
65%
44 19/20 Portugalia Boczny Obrońca Manchester City 65 mln Cancelo
64%
50 19/20 Serbia Napastnik Real Madryt 63 mln Jovic
64%
51 19/20 Portugalia Ofensywny Pomocnik Manchester United 63 mln Fernandes
63%
52 15/16 Argentyna Skrzydłowy PSG 63 mln Di Maria
62%
41 09/10 Brazylia Ofensywny Pomocnik Real Madryt 67 mln Kaka
62%
45 17/18 Hiszpania/Francja Obrońca Manchester City 65 mln Laporte
62%
27 19/20 Wybrzeże Kości Słoniowej Skrzydłowy Arsenal 80 mln Pepe
62%
77 01/02 Włochy Bramkarz Juventus 52 mln Buffon
61%
63 00/01 Portugalia Skrzydłowy Real Madryt 60 mln Figo
61%
26 19/20 Francja Obrońca Bayern 80 mln Hernandez
61%
61 16/17 Brazylia Ofensywny Pomocnik Shanghai Port 60 mln Oscar
61%
57 20/21 Bośnia i Hercegowina Pomocnik Barcelona 60 mln Pjanic
61%
53 19/20 Hiszpania Defensywny Pomocnik Manchester City 62 mln Rodri
61%
56 20/21 Niemcy Skrzydłowy Bayern Monachium 60 mln Sane
61%
49 15/16 Anglia Skrzydłowy Manchester City 63 mln Sterling
61%
24 22/23 Francja Defensywny Pomocnik Real Madryt 80 mln Tchouameni
61%
68 18/19 Włochy Pomocnik Chelsea 57 mln Jorginho
60%
33 20/21 Nigeria Napastnik Napoli 75 mln Osimhen
60%
55 22/23 Norwegia Napastnik Manchester City 60 mln Haland
59%
75 20/21 Niemcy Napastnik Chelsea 53 mln Werner
59%
37 18/19 Francja Skrzydłowy Atletico Madryt 72 mln Lemar
58%
66 10/11 Hiszpania Napastnik Chelsea 58 mln Torres
58%
28 18/19 Hiszpania Bramkarz Chelsea 80 mln Arrizabalaga
56%
30 20/21 Brazylia Pomocnik Juventus 76 mln Arthur
56%
64 18/19 Brazylia Pomocnik Manchester United 59 mln Fred
56%
106 02/03 Brazylia Napastnik Real Madryt 45 mln Ronaldo
56%
79 16/17 Niemcy Skrzydłowy Manchester City 52 mln Sane
56%
103 16/17 Szwajcaria Pomocnik Arsenal 45 mln Xhaka
56%
91 21/22 Kolumbia Skrzydłowy Liverpool 47 mln Diaz
54%
74 14/15 Francja Napastnik Atletico Madryt 54 mln Griezmann
54%
59 18/19 Gwinea Pomocnik Liverpool 60 mln Keita
54%
100 19/20 Chorwacja Pomocnik Chelsea 45 mln Kovacic
54%
62 15/16 Francja Napastnik Manchester United 60 mln Martial
54%
67 17/18 Francja Boczny Obrońca Manchester City 57 mln Mendy
54%
107 01/02 Czechy Lewy Pomocnik Juventus 45 mln Nedved
54%
92 13/14 Niemcy Ofensywny Pomocnik Arsenal 47 mln Ozil
54%
102 18/19 Brazylia Skrzydłowy Real Madryt 45 mln Vinicius
54%
78 17/18 Anglia Boczny Obrońca Manchester City 52 mln Walker
54%
89 19/20 Francja Boczny Obrońca Real Madryt 48 mln Mendy
53%
83 19/20 Brazylia Obrońca Real Madryt 50 mln Militao
53%
85 17/18 Portugalia Skrzydłowy Manchester City 50 mln Silva
53%
96 20/21 Holandia Obrońca Manchester City 45 mln Ake
52%
81 20/21 Argentyna Napastnik PSG 50 mln Icardi
52%
76 17/18 Francja Napastnik Arsenal 53 mln Lacazette
52%
98 19/20 Brazylia Skrzydłowy Real Madryt 45 mln Rodrygo
52%
71 16/17 Anglia Obrońca Manchester City 55 mln Stones
52%
101 18/19 Brazylia Defensywny Pomocnik Liverpool 45 mln Fabinho
51%
82 20/21 Ghana Pomocnik Arsenal 50 mln Partey
51%
72 21/22 Hiszpania Skrzydłowy Barcelona 55 mln Torres
51%
99 19/20 Belgia Pomocnik Leicester City 45 mln Tielemans
49%
58 19/20 Francja Pomocnik Tottenham 60 mln Ndombele
48%
73 19/20 Anglia Boczny Obrońca Manchester United 55 mln Wan Bissaka
48%
97 19/20 Meksyk Napastnik/Skrzydłowy Napoli 45 mln Lozano
47%
65 21/22 Anglia Obrońca Arsenal 58 mln White
47%
70 16/17 Brazylia Skrzydłowy Shanghai Port 55 mln Hulk
46%
105 13/14 Kolumbia Ofensywny Pomocnik Monaco 45 mln Rodriguez
46%
88 17/18 Islandia Ofensywny Pomocnik Everton 49 mln Sigurdsson
46%
60 17/18 Hiszpania Napastnik Atletico Madryt 60 mln Costa
45%
95 02/03 Anglia Obrońca Manchester United 46 mln Ferdinand
45%
80 20/21 Anglia Boczny Obrońca Chelsea 50 mln Chilwell
43%
84 19/20 Wybrzeże Kości Słoniowej/Francja Napastnik West Ham United 50 mln Haller
39%
93 15/16 Belgia Napastnik Liverpool 46 mln Benteke
38%
69 00/01 Argentyna Napastnik Lazio 56 mln Crespo
34%
87 14/15 Brazylia Obrońca PSG 49 mln Luiz
33%
104 14/15 Francja Obrońca Manchester City 45 mln Mangala
22%
94 99/00 Włochy Napastnik Inter Mediolan 46 mln Vieri
18%
86 15/16 Brazylia Ofensywny Pomocnik Jiangsu FC 50 mln Teixeira
12%
90 01/02 Hiszpania Skrzydlowy Lazio 48 mln Mendieta
8%
Nie znaleziono quizów pasujących do podanych kryteriów
Rozkład punktacji
Procent ludzi z każdym wynikiem
Percentyl według liczby udzielonych odpowiedzi
Twoja historia wyników
Nie rozwiązałeś tego quizu